Statistiken für Nordirland A-Z

Klicken Sie hier um das Quiz zu spielen!

Allgemein

  • Dieses Quiz wurde 25 mal gespielt
  • Das Durchschnittsergebnis liegt bei 10 aus 26

Antwortstatistiken

#HinweisAntwort% Korrekt
BHauptstadt
Belfast
96%
Q
Titel des Staatsoberhauptes
Englischer Titel
Queen
74%
VStaat zu dem Nordirland gehört
Vereinigtes Königreich
74%
XNordirland stimmte 2016 dagegen
Großbritannien stimmte 2016 dafür
Enthält ein X
Brexit
70%
EStaatsoberhaupt
Elisabeth II
65%
IEigenbezeichnung verschiedener republikanischer Milizen 1919-heute
Irish Republican Army
65%
HStadt südlich des Belfast Lough
Tipp: Denken Sie an Los Angeles und Filme
Holywood
61%
ZWährend dieses Krieges war #B ein wichtiger Standort der Rüstungsindustrie und wurde wiederholt von deutschen Luftschlägen getroffen
Zweiter Weltkrieg
61%
S"Land" auf der anderen Seite des Nordkanals (North Channel)
Schottland
57%
UUnionistische Bezeichnung für Nordirland
Ulster
52%
YAlternativer Name von #L
Endet auf Y
Derry
48%
JIm Krieg der zwei Könige 1688-1691 kämpfte Willhelm III gegen diesen abgesetzten König
Jakob II
48%
LZweitgrößte Stadt
Im Nordwesten
Londonderry
43%
RGrößte Konfession
Römisch-Katholisch
43%
CZweitgrößte protestantische Kirche
Church of Ireland
17%
GVom Riesen Fionn McCumhaill erbauter Damm
Englischer Name
Giant’s Causeway
17%
AHistorische Grafschaft Nordirlands
Antrim | Armagh
13%
DWestlich angrenzende Grafschaft Irlands
Donegal
13%
OHauptstadt der historischen Grafschaft Tyrone
Verwaltungssitz des Distrikts Fermanagh und #O
Omagh
13%
PGrößte protestantische Konfession
Presbyterianismus
9%
FErste Ministerin
Arlene Foster
4%
K
Kriege in Irland 1641-1653
Auch als Elfjähriger krieg bezeichnet
Irische {Konföderations}kriege
4%
NGrößter See der Britischen Inseln
Lough {Neagh}
4%
MSüdlich angrenzende Grafschaft Irlands
Monaghan
4%
TIrisch-gälische Bezeichnung für Nordirland
Tuaisceart Éireann
0%
WStadt im Süden
Nördlich des Carlingford Lough
Warrenpoint
0%

Verteilung der Resultate

Perzentil nach korrekt beantworteten Fragen

Anzahl Personen mit jedem Resultat

Ihre Resultats-Entwicklung

Sie haben dieses Quiz noch nicht gespielt